000 00835cam a2200265 a 4500
001 17594580
005 20180302043951.0
008 130115s2013 pau b 001 0 eng
010 _a 2013001691
020 _a9780803628045
035 _a(DNLM)101599682
040 _aDNLM/DLC
_cDLC
_dDLC
041 _aeng
042 _apcc
060 1 0 _aWY 100.4
080 _a616.075 DOE
082 0 0 _a616.075 DOE
_223
100 1 _a1
101 _aINF
245 1 0 _aNursing diagnosis manual :
_cMarilynn E. Doenges, Mary Frances Moorhouse, Alice C. Murr.
504 _aIncludes bibliographical references and index.
906 _a7
_bcbc
_corignew
_d1
_eecip
_f20
_gy-gencatlg
942 _2ddc
_cBK
999 _c43985
_d43985